000
00315nam a2200121Ia 4500
005
20251222143112.0
008
251222s9999||||xx |||||||||||||| ||spa||
082
_a
330.983/A43
100
_a
Allende, Salvador
245
0
_a
El Pensamiento Económico del Gobierno de Allende
264
_b
Universitaria
942
_c
LIB
999
_c
11194
_d
11194